History Quiz

Random History Quiz

Word Ladder: What Churchill Has to Offer Quiz Stats

 Plays Quiz not verified by Sporcle

Challenge
Share
Tweet
Embed
Score 0/20 Timer 04:00
0 Plays Today
Hint Word % Correct
Like Marilyn Monroe's hairBLOND
94%
Lacking tasteBLAND
92.2%
A name identified with a product or a companyBRAND
88.8%
Udders or nipplesTEATS
87.1%
First thing Churchill has to offer the BritishBLOOD
86.2%
Places to sitSEATS
86.2%
To look fixedly at someone or somethingSTARE
85.3%
Third thing Churchill has to offer the BritishTEARS
84.5%
One unit of a stockSHARE
81.9%
Home to Frodo and BilboSHIRE
81.9%
Hint Word % Correct
To curse, cuss, or be vulgarSWEAR
81.9%
Fourth thing Churchill has to offer the BritishSWEAT
81.9%
Median, mean, standard deviation, modeSTATS
75%
Javert's only solo song in Les MisérablesSTARS
75%
Chicago touchdown scorersBEARS
70.7%
One type of stress, contrasted with normal stressSHEAR
51.7%
Target of 1705 tax by Peter the GreatBEARD
50%
Dutch-Indonesian singer Patty of Luv fameBRARD
48.3%
Marvel alien spieces of D'Ken and LilandraSHI'AR
44%
To bake uncooked eggs in a dishSHIRR
43.1%

You're not logged in!

Compare scores with friends on all Sporcle quizzes.
Join for Free
OR
Log In

You Might Also Like...

Show Comments

Extras

Created Sep 15, 2013ReportFavoriteNominate
Tags:churchill, offer

Top Quizzes Today


Score Distribution

Your Account Isn't Verified!

In order to create a playlist on Sporcle, you need to verify the email address you used during registration. Go to your Sporcle Settings to finish the process.

Report this User

Report this user for behavior that violates our Community Guidelines.

Details: